000 00615nam a2200229Ia 4500
003 OSt
005 20220928114535.0
006 a|||||r|||| 00| 0
007 ta
008 220927b |||||||| |||| 00| 0 eng d
024 _a38477
037 _cTextual
040 _aSDCL
_cSDCL
_beng
041 _2eng
_aeng
082 _aX61.1(X)'N8, M1
100 _aGhatak Subrata
_9439599
245 0 _aMonetary economics in developing countries.
260 _aLondon
_bMacmillan
_c1981
300 _ax,174p
_ccm.
942 _hX61.1(X)'N8, M1
_cTEXL
_2CC
999 _c755288
_d755288